00710 2200241 4500001002100000005001500021035002000036007000300056008004100059020002200100082001100122084001700133100002100150245013500171250001000306260003900316300002900355650002200384700001700406700002300423990001100446990001100457INLIS00000000000347020190522084413 a0010-0519000062ta190522 g 0 ind  a978-979-055-532-7 a297.73 a297.73 SRI q0 aSRI, Al Hidayati1 aQur'anic Quetions & Answers: Tempat-Tempat yang Disebut dalam Al Qur'an /cSri Al Hidayati; editor, Abdul Wahab, Safitri Lusiana D acet.3 aBandung :bSygma Kaya Imaji,c2018 a28 hlm :bilus. ;c27 cm 4aISLAM. PENDIDIKAN0 aABDUL, Wahab0 aSAFITRI, Lusiana D a6543 a a6543 b